Informačný systém pre platformu Funtoro
Salvato in:
| Autore principale: | |
|---|---|
| Altri autori: | |
| Natura: | Manoscritto Libro |
| Lingua: | slovacco |
| Pubblicazione: |
2016
|
| Soggetti: | |
| Accesso online: | http://is.stuba.sk/zp/portal_zp.pl?podrobnosti=131377 |
| Tags: |
Nessun Tag, puoi essere il primo ad aggiungerne!!
|
MARC
| LEADER | 00000ntm a22000003a 4500 | ||
|---|---|---|---|
| 001 | stuzp58923 | ||
| 003 | SK-STU | ||
| 005 | 20160719155716.2 | ||
| 007 | ta | ||
| 008 | 150427s2015----xo-----f-mn---000-0-slo-d | ||
| 040 | |a STU |b slo | ||
| 041 | 0 | |a slo | |
| 100 | 1 | |a Hošková, Dominika |u 070400 |k Z4 |4 aut |U FIIT Fakulta informatiky a informačných technológií |T FIIT Ústav počítačového inžinierstva a aplikovanej informatiky |X 46219 |U I400 |Y 672 |7 A000046219 | |
| 242 | 0 | 1 | |a Information system for the Funtoro platform |y eng |
| 245 | 1 | 0 | |a Informačný systém pre platformu Funtoro |
| 260 | |c 2016 | ||
| 650 | 4 | |a Funtoro |2 slo | |
| 650 | 4 | |a meškanie vlakov |2 slo | |
| 650 | 4 | |a železničná doprava |2 slo | |
| 650 | 4 | |a predikcia meškania |2 slo | |
| 650 | 4 | |a cestujúci |2 slo | |
| 650 | 4 | |a delay prediction |2 eng | |
| 650 | 4 | |a passenger |2 eng | |
| 650 | 4 | |a Funtoro |2 eng | |
| 650 | 4 | |a real time train delay |2 eng | |
| 650 | 4 | |a railway transport |2 eng | |
| 700 | 1 | |a Pištek, Peter |u 070400 |k Z1 |4 ths |U FIIT Fakulta informatiky a informačných technológií |T FIIT Ústav počítačového inžinierstva a aplikovanej informatiky |X 20920 |U I400 |Y 672 |7 20920 | |
| 856 | 4 | |u http://is.stuba.sk/zp/portal_zp.pl?podrobnosti=131377 | |
| 996 | |b 8229 |c I* DIP 53/2016 |l II680 |s P |a 0 |w stuzp58923_0001 | ||
| SQL | |a stuzp58923 |b DDP |c SLO |d Informačný systém pre platformu Funtoro |e 46219 |f Hošková, Dominika |g 070400 |h 20920 |i Pištek, Peter |j 20160613 |k 211 |l 07 |m http://is.stuba.sk/zp/portal_zp.pl?podrobnosti=131377 |n I-SI2 |o 9.2.5. softvérové inžinierstvo | ||